Berühmte Andreas' - Statistiken

Allgemein
  • Dieses Quiz wurde 252 mal gespielt
  • Das Durchschnittsergebnis liegt bei 6 aus 20
Antwortstatistiken
Hinweis Andreas % Korrekt
Sänger ("Auf uns", "Astronaut") Andreas Bourani
75%
Ex-Fußballer, Siegtorschütze beim WM-Finale 1990 Andreas Brehme
70%
Ex-Fußballer ("Mailand oder Madrid, Hauptsache Italien") Andreas Möller
70%
Ex-Fußballtorwart und Torwarttrainer der Nationalelf Andreas Köpke
67%
2018-2021 Verkehrsminister Andreas Scheuer
52%
Linksterrorist der RAF Andreas Baader
48%
Skisprung-Olympiasieger 2014 & 18 Andreas Wellinger
39%
Talkshow-Moderator in den 90ern Andreas Türck
30%
Natur-Dokumentarfilmer Andreas Kieling
25%
Bremer Bürgermeister (seit 2019) Andreas Bovenschulte
22%
Schauspieler ("Polizeiruf 110", "SOKO Leipzig") Andreas Schmidt-Schaller
16%
Schlagersänger ("Ich fang dir den Mond") Andreas Martin
13%
Gewinner von "The Voice of Germany" 2013 ("Simple Man") Andreas Kümmert
12%
NDW-Sänger ("Fred vom Jupiter", "Girls in Love") Andreas Dorau
9%
Synchron- und Hörspielsprecher (Bob Andrews in "Die drei ???") Andreas Fröhlich
9%
Bedeutendster Lyriker des deutschen Barocks Andreas Gryphius
8%
Kunstturner, Vizeeuropameister Andreas Toba
7%
Schauspieler ("Tatort"-Kommissar Kopper) Andreas Hoppe
4%
Sci-Fi-Autor ("Das Jesus Video") Andreas Eschbach
3%
Fotograf des ehemals teuersten Fotos der Geschichte Andreas Gursky
1%
Keine übereinstimmenden Quizze gefunden
Verteilung der Resultate
Anzahl Personen mit jedem Resultat
Perzentil nach korrekt beantworteten Fragen
Ihre Resultats-Entwicklung
Sie haben dieses Quiz noch nicht gespielt